MARC details
| 000 -LEADER |
| campo de control de longitud fija |
03099nam a2200589 i 4500 |
| 001 - NÚMERO DE CONTROL |
| campo de control |
196986 |
| 003 - IDENTIFICADOR DE NÚMERO DE CONTROL |
| campo de control |
ES-MaACL |
| 005 - FECHA Y HORA DE LA ÚLTIMA TRANSACCIÓN |
| campo de control |
20250810063100.0 |
| 006 - CÓDIGOS DE INFORMACIÓN DE LONGITUD FIJA--CARACTERÍSTICAS DEL MATERIAL ADICIONAL |
| campo de control de longitud fija |
m o d | |
| 007 - CAMPO FIJO DE DESCRIPCIÓN FÍSICA--INFORMACIÓN GENERAL |
| campo de control de longitud fija |
cr cnu|||||||| |
| 008 - DATOS DE LONGITUD FIJA--INFORMACIÓN GENERAL |
| campo de control de longitud fija |
250218s2013 mx gob 000 0 spa d |
| 020 ## - NÚMERO INTERNACIONAL ESTÁNDAR DEL LIBRO |
| Número Internacional Estándar del Libro |
9786074622591 |
| 035 ## - NÚMERO DE CONTROL DEL SISTEMA |
| Número de control de sistema |
(CKB)5420000000429883 |
| 035 ## - NÚMERO DE CONTROL DEL SISTEMA |
| Número de control de sistema |
(MiAaPQ)EBC6917685 |
| 035 ## - NÚMERO DE CONTROL DEL SISTEMA |
| Número de control de sistema |
(OCoLC)1298601507 |
| 035 ## - NÚMERO DE CONTROL DEL SISTEMA |
| Número de control de sistema |
(FINmELB)ELB193649 |
| 035 ## - NÚMERO DE CONTROL DEL SISTEMA |
| Número de control de sistema |
(EXLCZ)995420000000429883 |
| 040 ## - FUENTE DE CATALOGACIÓN |
| Centro catalogador/agencia de origen |
FINmELB |
| Lengua de catalogación |
spa |
| Normas de descripción |
rda |
| Centro/agencia transcriptor |
FINmELB |
| 050 #4 - SIGNATURA TOPOGRÁFICA DE LA BIBLIOTECA DEL CONGRESO |
| Número de clasificación |
PQ6039 |
| Número de ítem |
.X573 2013 |
| 082 0# - NÚMERO DE LA CLASIFICACIÓN DECIMAL DEWEY |
| Número de clasificación |
960.609 |
| Número de edición |
22 |
| 100 1# - ENTRADA PRINCIPAL--NOMBRE DE PERSONA |
| Nombre de persona |
Xirau, Ramón, |
| Fechas asociadas al nombre |
1924-2017 |
| 9 (RLIN) |
117518 |
| Término indicativo de función/relación |
Autor |
| 245 10 - MENCIÓN DEL TÍTULO |
| Título |
Otras Españas : |
| Resto del título |
antología sobre literatura del exilio / |
| Mención de responsabilidad, etc. |
Ramón Xirau ; selección y advertencia, Adolfo Castañón. |
| 250 ## - MENCION DE EDICION |
| Mención de edición |
Primera edición, 2011 |
| 264 #1 - PRODUCCIÓN, PUBLICACIÓN, DISTRIBUCIÓN, FABRICACIÓN Y COPYRIGHT |
| Producción, publicación, distribución, fabricación y copyright |
México, D.F. : |
| Nombre del de productor, editor, distribuidor, fabricante |
El Colegio de México, |
| Fecha de producción, publicación, distribución, fabricación o copyright |
2013. |
| 300 ## - DESCRIPCIÓN FÍSICA |
| Extensión |
395 páginas ; |
| Dimensiones |
22 cm. |
| 336 ## - TIPO DE CONTENIDO |
| Término de tipo de contenido |
texto |
| Código de tipo de contenido |
txt |
| Fuente |
rdacontent |
| 337 ## - TIPO DE MEDIO |
| Nombre/término del tipo de medio |
sin mediación |
| Fuente |
rdamedia |
| 338 ## - TIPO DE SOPORTE |
| Nombre/término del tipo de soporte |
volumen |
| Fuente |
rdacarrier |
| 490 1# - MENCIÓN DE SERIE |
| Mención de serie |
Colección Testimonios |
| 500 ## - NOTA GENERAL |
| Nota general |
Incluye índices. |
| 504 ## - NOTA DE BIBLIOGRAFÍA, ETC. |
| Nota de bibliografía, etc. |
Incluye referencias bibliográficas. |
| 520 ## - RESUMEN, ETC. |
| Sumario, etc. |
Este volumen refrenda a Ramón Xirau, no sólo como un hombre-puente, para saludarlo con la voz que le dedicó Octavio Paz, sino como un caso singular de la persona que se funde con su edad a través de sus letras.<br/>La presente analecta aspira a recoger en un solo haz la dispersa y fecunda tarea crítica y periodística que el poeta-filósofo tanto como el cronista y memorialista ha sabido ir dejando sembrada en las páginas de periódicos y revistas publicados en México.<br/>Además de rendir tributo al pertinaz lector de lo peninsular e hispánico, de lo europeo y mediterráneo que ha sabido ser Ramón Xirau, esta reunión aspira además a transmitir una cierta idea de la cultura vivida desde el exilio de y entre las otras Españas. |
| 588 ## - NOTA DE FUENTE DE LA DESCRIPCIÓN |
| Nota de fuente de la descripción |
Descripción basada en metadatos suministrados por el editor y otras fuentes. |
| 600 #0 - PUNTO DE ACCESO ADICIONAL DE MATERIA--NOMBRE DE PERSONA |
| Nombre de persona |
Xirau, Ramón, |
| Fechas asociadas al nombre |
1924-2017- |
| Subdivisión general |
Crítica e interpretación |
| 9 (RLIN) |
239767 |
| 600 14 - PUNTO DE ACCESO ADICIONAL DE MATERIA--NOMBRE DE PERSONA |
| Nombre de persona |
Machado, Antonio, |
| Fechas asociadas al nombre |
1875-1939 |
| 9 (RLIN) |
75151 |
| 600 14 - PUNTO DE ACCESO ADICIONAL DE MATERIA--NOMBRE DE PERSONA |
| Nombre de persona |
Ortega y Gasset, José, |
| Fechas asociadas al nombre |
1883-1955 |
| 9 (RLIN) |
87503 |
| 600 14 - PUNTO DE ACCESO ADICIONAL DE MATERIA--NOMBRE DE PERSONA |
| Nombre de persona |
Jiménez, Juan Ramón, |
| Fechas asociadas al nombre |
1881-1958 |
| 9 (RLIN) |
66417 |
| 600 14 - PUNTO DE ACCESO ADICIONAL DE MATERIA--NOMBRE DE PERSONA |
| Nombre de persona |
Cernuda, Luis, |
| Fechas asociadas al nombre |
1902-1963 |
| 9 (RLIN) |
37529 |
| 600 04 - PUNTO DE ACCESO ADICIONAL DE MATERIA--NOMBRE DE PERSONA |
| Nombre de persona |
Rius Badia, Luis |
| 9 (RLIN) |
97514 |
| 600 04 - PUNTO DE ACCESO ADICIONAL DE MATERIA--NOMBRE DE PERSONA |
| Nombre de persona |
Ulacia, Manuel |
| 9 (RLIN) |
111912 |
| 650 #4 - PUNTO DE ACCESO ADICIONAL DE MATERIA--TÉRMINO DE MATERIA |
| Término de materia o nombre geográfico como elemento de entrada |
Literatura española- |
| Subdivisión general |
Historia y crítica |
| 9 (RLIN) |
14560 |
| 650 #4 - PUNTO DE ACCESO ADICIONAL DE MATERIA--TÉRMINO DE MATERIA |
| Término de materia o nombre geográfico como elemento de entrada |
Exiliados españoles- |
| Subdivisión general |
Historia |
| 9 (RLIN) |
12672 |
| 650 #0 - PUNTO DE ACCESO ADICIONAL DE MATERIA--TÉRMINO DE MATERIA |
| Término de materia o nombre geográfico como elemento de entrada |
Literatura española- |
| Subdivisión general |
Países extranjeros- |
| -- |
Historia y crítica |
| 9 (RLIN) |
239772 |
| 650 #7 - PUNTO DE ACCESO ADICIONAL DE MATERIA--TÉRMINO DE MATERIA |
| Término de materia o nombre geográfico como elemento de entrada |
Literatura española- |
| Subdivisión cronológica |
S.XX- |
| Subdivisión general |
Historia y crítica |
| 9 (RLIN) |
141686 |
| 650 #0 - PUNTO DE ACCESO ADICIONAL DE MATERIA--TÉRMINO DE MATERIA |
| Término de materia o nombre geográfico como elemento de entrada |
Autores españoles- |
| Subdivisión general |
Países extranjeros |
| 9 (RLIN) |
239773 |
| 700 ## - ENTRADA AGREGADA--NOMBRE PERSONAL |
| Nombre de persona |
Castañón, Adolfo, |
| Fechas asociadas al nombre |
1952- |
| 9 (RLIN) |
239774 |
| Término indicativo de función/relación |
Editor literario |
| 852 ## - LOCALIZACIÓN |
| Ubicación |
ES-MaACL |
| Ubicación en estantería |
Depósito J |
| Número de control de estantería |
N-10364 |
| Encuadernación |
Encuadernación rústica con solapas |
| itemnumber |
206486 |
| Donativo/Legado |
Donación: Editorial |
| 942 ## - ELEMENTOS DE ENTRADA SECUNDARIOS (KOHA) |
| Tipo de ítem Koha |
Libro impreso |
| Suprimir en OPAC |
No |